Civil society and democratic construction: from essentialist manichaeism to the relational approach /
Uloženo v:
| Hlavní autor: | |
|---|---|
| Médium: | Text |
| Témata: | |
| Tagy: |
Přidat tag
Žádné tagy, Buďte první, kdo vytvoří štítek k tomuto záznamu!
|
MARC
| LEADER | 00000 a a2200000 04500 | ||
|---|---|---|---|
| 001 | 18328 | ||
| 003 | |||
| 040 | |||
| 100 | |a Kunrath Silva, Marcelo | ||
| 245 | |a Civil society and democratic construction: |b from essentialist manichaeism to the relational approach / |c Marcelo Kunrath Silva | ||
| 650 | |a SOCIEDAD CIVIL | ||
| 650 | |a PARTICIPACION SOCIAL | ||
| 650 | |a GOBIERNO | ||
| 650 | |a DEMOCRATIZACION | ||
| 650 | |a SOCIOLOGIA | ||
| 650 | |a BRASIL | ||
| 773 | |g volumen 10, número 2 Edición; páginas 228-249 | ||
| 999 | |c 21943 |d 21943 | ||
